000 00373nam a2200157Ia 4500
008 230917s9999||||xx |||||||||||||| ||und||
020 _cRS160
040 _e27117
_aMAIN
041 _aEnglish
082 _a410 V59M
100 _aVerma, S K
245 0 _aModern linguistics
260 _aNew York
_bOxford University Press
_c1999
300 _aix, 380 p.
942 _cBK
999 _c104360
_d104360